Innovation: (Record no. 196754)

MARC details
000 -LEADER
fixed length control field 00306nam a2200109 4500
008 - FIXED-LENGTH DATA ELEMENTS--GENERAL INFORMATION
fixed length control field 230725b ||||| |||| 00| 0 eng d
022 ## - INTERNATIONAL STANDARD SERIAL NUMBER
International Standard Serial Number 2456-5474
245 ## - TITLE STATEMENT
Title Innovation:
Remainder of title the research concept
260 ## - PUBLICATION, DISTRIBUTION, ETC. (IMPRINT)
Place of publication, distribution, etc Kanpur
Name of publisher, distributor, etc Social Research Foundation
Date of publication, distribution, etc Jan,2023
300 ## - PHYSICAL DESCRIPTION
Extent vol.
Dimensions 25cm
942 ## - ADDED ENTRY ELEMENTS (KOHA)
Source of classification or shelving scheme Dewey Decimal Classification
Item type Periodicals
Call number suffix INN
Serial record 1
Holdings
Withdrawn status Lost status Source of classification or shelving scheme Damaged status Not for loan Collection code Home library Current library Shelving location Date acquired Source of acquisition Total Checkouts Full call number Date last seen Price effective from Koha item type
    Dewey Decimal Classification   Not For Loan Non-fiction Central Library Central Library On Display 25/07/2023 DBAD   INN 25/07/2023 25/07/2023 Periodicals

© Delhi Public Library
Hit Counter
free hit counter